000 02211nam a2200541 i 4500
001 21658
003 KOSZ 005
005 20210413102449.0
008 991116s1981 pl a f |000 0 pol
015 _aUWD 1982/3496
020 _a8301029749
035 _a991012014999705066
035 _a(PL-WaBN)b13258023-48omnis_nlop
035 _ab13258023
035 _a(OCoLC)297567635
035 _a(PL)b0000001325802
035 _a(EXLNZ-48OMNIS_NETWORK)9910493697505606
040 _aWA N
_cWA N
_dKOSZ 005/HR
041 0 _apol
_brus
_beng
046 _k1981
080 _a001.891
080 _a378:62
100 1 _aPelc, Karol
_d(1935- )
_eAutor
245 1 0 _aPlanowanie działalności badawczej i rozwojowej w wyższej szkole technicznej /
_cKarol Pelc ; Ministerstwo Nauki, Szkolnictwa Wyższego i Techniki, Instytut Polityki Naukowej, Postępu Technicznego i Szkolnictwa Wyższego, [Zakład Organizacji i Zarządzania].
260 _aWarszawa ;
_aPoznań :
_bPaństwowe Wydawnictwo Naukowe,
_c1981.
300 _a134, [2] s., [6] s. tabl. :
_bil. tab. ;
_c20 cm.
336 _aTekst
_btxt
_2rdacontent
337 _aBez urządzenia pośredniczącego
_bn
_2rdamedia
338 _aWolumin
_bnc
_2rdacarrier
380 _aKsiążki
380 _aPublikacje naukowe
388 _a1901-2000
388 _a1945-1989
490 1 _aMonografie i Studia / Instytut Polityki Naukowej, Postępu Technicznego i Szkolnictwa Wyższego
500 _aZawiera także: Automatyzacja przetwarzania danych w zakresie planowania działalności badawczej/ Mikołaj Firlej, Jerzy Wilimowski.
504 _aBibliogr. s. 94-100.- Rez.- Sum.
650 7 _aNauka
_2DBN
650 7 _aSzkolnictwo wyższe
_2DBN
650 7 _aTechnika
_2DBN
650 7 _aPlanowanie
650 7 _aBadania naukowe
658 _aNauka i badania
710 2 _aPaństwowe Wydawnictwo Naukowe
_4pbl
830 0 _aMonografie i Studia - Instytut Polityki Naukowej, Postępu Technicznego i Szkolnictwa Wyższego
856 _uhttp://koha.tu.koszalin.pl/cgi-bin/koha/opac-detail.pl?biblionumber=21658
_yKatalog online BPK
942 _2UKD
_cKS
999 _c21658
_d21658